El Derecho de huelga de los funcionarios públicos / Juan José Díez Sánchez ; prólogo de Ramón Martín Mateo
ISBN:
84-7398-809-4
Descripción Física:
229 p. ; 18 cm
MARC
| LEADER | 00000nam a2200000Ia 4500 | ||
|---|---|---|---|
| 001 | 14354 | ||
| 008 | 160829s1990 xx 000 0 cat d | ||
| 020 | |a 84-7398-809-4 | ||
| 080 | |a M-4-209 | ||
| 100 | |a Díez Sánchez, Juan José |9 25785 | ||
| 245 | |a El Derecho de huelga de los funcionarios públicos / Juan José Díez Sánchez ; prólogo de Ramón Martín Mateo | ||
| 260 | |a Madrid : |b Civitas, |c 1990 | ||
| 300 | |a 229 p. ; |c 18 cm | ||
| 590 | |a Notes, referències bibliogràfiques. | ||
| 590 | |a Inclou jurispudència i normes estatals reguladores de serveis mínims. | ||
| 590 | |a A la portada: Universidad de Alicante, Secretariado de Publicaciones | ||
| 650 | |a Dret de vaga |x Espanya |x Funcionaris i empleats |9 25786 | ||
| 700 | |a Martín Mateo, Ramón, pr. |9 25787 | ||
| 700 | |a Universidad de Alicante. Secretariado de Publicaciones |9 25788 | ||
| 901 | |a Arxiu | ||
| 942 | |n 1 | ||
| 952 | |0 0 |1 0 |4 0 |6 M4209 |7 1 |9 43796 |a Arxiu |b Arxiu |d 2016-12-01 |l 0 |o M-4-209 |p 14354 |r 2016-12-01 00:00:00 |w 2016-12-01 |y ARXIU | ||
| 999 | |c 46344 |d 46344 | ||